00509 2200193 4500245004900000020002200049250001100071100001800082700002300100700001600123650002600139650001000165005001900175260006500194041001400259084001200273300002100285336000900306 aMutiara yang KaugenggamcYoana DianikahText a978-602-437-538-6 aCet. 1 aYoana Dianika aArie Andrasyah Isa aEros Rosita aCerita Anak Indonesia aEbook a20241107123031 aJakarta TimurbBadan Pengembangan dan Pembinaan Bahasac2018 aIndonesia a398.209 aviii :c101 hlm. atext